Loreto College Library, Kolkata
WEBOPAC (ONLINE PUBLIC ACCESS CATALOGUE)

Making friends with words (Record no. 26048)

MARC details
000 -LEADER
fixed length control field 00487nam a2200181Ia 4500
008 - FIXED-LENGTH DATA ELEMENTS--GENERAL INFORMATION
fixed length control field 131103s9999 xx 000 0 und d
040 ## - CATALOGING SOURCE
Original cataloging agency Loreto College
041 ## - LANGUAGE CODE
Language code English
082 ## - DDC | ডিউই
Classification number | বর্গসংখ্যা 371.63/DRA
Book Number | গ্রন্থাঙ্ক LCBED/4812
100 ## - MAIN ENTRY--PERSONAL NAME | মুখ্য সংলেখ - ব্যাক্তিনাম
Personal name | ব্যাক্তিনাম Drachman, Julian M.
245 ## - TITLE STATEMENT | অাখ্যা বিবরণী
Title | অাখ্যা Making friends with words
Statement of responsibility | লেখকের দায়িত্বের বিবরণ Julian M.Drachman
260 ## - IMPRINT | প্রকাশনা ক্ষেত্র
Place of publication | প্রকাশ স্থান New york
Name of publisher | প্রকাশকের নাম Globe book
Date of publication | প্রকাশ কাল 1956
300 ## - PHYSICAL DESCRIPTION |
Page / Vol. No | পৃষ্ঠা / খন্ড সংখ্যা vii,324p.
504 ## - BIBLIOGRAPHY, ETC. NOTE
Bibliography, etc Inclludes index
650 ## - SUBJECT ADDED ENTRY--TOPICAL TERM | বিষয় শিরোনাম - মূল বিষয়
Topical term | মূল বিষয় Education
850 ## - HOLDING INSTITUTION
Holding institution LCBED/371.63/DRA
942 ## - ADDED ENTRY ELEMENTS (KOHA)
Koha item type Books
Holdings
Withdrawn status Lost status Damaged status Not for loan Home library Current library Date acquired Total Checkouts Full call number Accession No. Date last seen Price effective from Koha item type
        Loreto College Loreto College 04/11/2013   371.63/DRA LCBED/4812 B28888 04/11/2013 04/11/2013 Books